000 00428nam a2200181Ia 4500
001 3538
005 20260306145650.0
008 260306t2015||||xx |||||||||||||| ||spa||
041 _aESP
082 _a288.4
_bT72
100 _aTornielli, Andrea
_eAUT
245 0 _aPapa Francisco:
_bEsta economía mata
260 _c2015
300 _a204 páginas :
_c21 cm.
650 _aGEN
654 _aCHU
942 _cLIB
_dJUS
_fJUS
_2ddc
_n
999 _c3538
_d3538